Computer science and information science: GATE 2023 (Record no. 194185)
[ view plain ]
| 000 -LEADER | |
|---|---|
| fixed length control field | 00462nam a2200145Ia 4500 |
| 008 - FIXED-LENGTH DATA ELEMENTS--GENERAL INFORMATION | |
| fixed length control field | 221229s9999 xx 000 0 und d |
| 020 ## - INTERNATIONAL STANDARD BOOK NUMBER | |
| International Standard Book Number | 9789394168145 |
| 082 ## - DEWEY DECIMAL CLASSIFICATION NUMBER | |
| Classification number | 004.001 GKP |
| 100 ## - MAIN ENTRY--PERSONAL NAME | |
| Personal name | GK Publications Ltd. |
| 9 (RLIN) | 14266 |
| 245 #0 - TITLE STATEMENT | |
| Title | Computer science and information science: GATE 2023 |
| 260 ## - PUBLICATION, DISTRIBUTION, ETC. | |
| Place of publication, distribution, etc. | New Delhi |
| Name of publisher, distributor, etc. | GK Publications Ltd. |
| Date of publication, distribution, etc. | 2022 |
| 300 ## - PHYSICAL DESCRIPTION | |
| Extent | XXVIII, 1263p. |
| Other physical details | Rs. 1125.00 |
| 650 ## - SUBJECT ADDED ENTRY--TOPICAL TERM | |
| Topical term or geographic name entry element | Computer science and information science |
| 9 (RLIN) | 14267 |
| 942 ## - ADDED ENTRY ELEMENTS (KOHA) | |
| Koha item type | |
| Withdrawn status | Lost status | Damaged status | Not for loan | Home library | Current library | Date acquired | Total Checkouts | Total Renewals | Full call number | Barcode | Date last seen | Date last checked out | Price effective from | Koha item type |
|---|---|---|---|---|---|---|---|---|---|---|---|---|---|---|
| Central Library | Central Library | 12/29/2022 | 2 | 1 | 004.001 GKP | 24698 | 02/16/2023 | 01/20/2023 | 12/29/2022 | Books |